000 00623nam a2200229Ia 4500
005 20250108124940.0
008 008 250107s9999 xx 000 0 eng d
020 _a978-81-267-1585-5
037 _aTB
040 _aCRL
_beng
_cCRL
041 _aeng
_2eng
084 _aT4 152Q9
084 _qCRL
100 _aDas Sumitabha
245 0 _aYour unix: the ultimate guide
_cDas Sumitabha
260 _aNew Delhi, India
_bTata McGraw Hill Publishing
_c2783
300 _aliv,918p.
365 _aINR
_b300
650 _aCOMPUTER APPLICATIONS
_935120
942 _cTB
_hT4 152Q9
999 _c1235171
_d1235171